000 00440 a2200145 4500
999 _c5628
_d5628
020 _a978812031472
050 _aTK5103.2FEH1995
100 _aFeher, Kamilo
245 _aWireless digital communication
_bmodulation & spread spectrum applications /
_cKamilo Feher
264 _aNew Dehli
_bPHI Learning
_c1995
300 _a524p.
500 _aInclude index
650 _aDigital Communication----wireless
942 _2lcc
_cBK
_h5103.2
_iFEH
_kTK